| 000 | 01082nam a22002657i 4500 | ||
|---|---|---|---|
| 999 |
_c23076 _d23076 |
||
| 003 | AR-CdUCM | ||
| 008 | 240923b20232023 ped|||| |||| 00| 0 spa d | ||
| 040 |
_aMUNICIPALIDAD PROVINCIAL DEL CUSCO _cBIBLIOTECA MUNICIPAL DEL CUSCO |
||
| 041 | _hspa | ||
| 082 |
_2Tercera edición _a513.076 / O41E _bO41E |
||
| 100 |
_aOlarte, Joel _950607 |
||
| 245 | _aEstadística y Probabilidades / | ||
| 260 |
_aCusco : _bEditorial Bolaños. _c2023 |
||
| 300 |
_a274 páginas. : _c21 cm. |
||
| 500 | _zBibliografía: Página 275. | ||
| 505 | _aIntroducción a la estadística -- Definición y clasificación -- Población y muestra -- Variables estadísticas -- Etapas de la estadística -- Etapas de la estadística -- Tablas de frecuencia -- Medidas de Posición -- Medidas de localización | ||
| 650 |
_aMatemática _950608 |
||
| 650 |
_aEstadística _95668 |
||
| 650 |
_aEjercicios de aplicación _944625 |
||
| 650 |
_aEjercicios propuestos _950609 |
||
| 650 |
_aTécnicas de conteo _950610 |
||
| 650 |
_aProbabilidades _916891 |
||
| 942 |
_2ddc _cLIBROS |
||
| 945 |
_apbj _d2024-09-23 |
||